Corporate Social Responsibility in India / (Record no. 207476)

MARC details
000 -LEADER
fixed length control field 00580nam a22001817a 4500
005 - DATE AND TIME OF LATEST TRANSACTION
control field 20241206153908.0
010 ## - LCCN (DPL NO)
LC control number ENG-142874
020 ## - INTERNATIONAL STANDARD BOOK NUMBER
International Standard Book Number 9789394883291
Terms of availability 595.00
035 ## - SYSTEM CONTROL NUMBER
System control number EN-126406
037 ## - SOURCE OF ACQUISITION
Source of stock number/acquisition DBAD
082 ## - DEWEY DECIMAL CLASSIFICATION NUMBER
Classification number 658.4080954
Edition number 1
100 ## - MAIN ENTRY--PERSONAL NAME
Personal name Bharti, Shuchi
245 ## - TITLE STATEMENT
Title Corporate Social Responsibility in India /
Medium
Statement of responsibility, etc by Shuchi Bharti
260 ## - PUBLICATION, DISTRIBUTION, ETC. (IMPRINT)
Place of publication, distribution, etc New Delhi
Name of publisher, distributor, etc Ane Books
Date of publication, distribution, etc 2023
270 ## - ADDRESS
Address 4821, Parwana Bhawan, 1st Floor, 24 Ansari Road, Daryaganj
City New Delhi
Postal code 110002
300 ## - PHYSICAL DESCRIPTION
Extent 185p.
Dimensions 22cm(Hb)
942 ## - ADDED ENTRY ELEMENTS (KOHA)
Source of classification or shelving scheme Dewey Decimal Classification
Item type English Books
Call number suffix BHA
Classification part 658.4080954
Holdings
Withdrawn status Lost status Not for loan Collection code Home library Current library Date acquired Source of acquisition Cost, normal purchase price Full call number Barcode Copy number Cost, replacement price Koha item type
      Non-fiction R.K.Puram-8 R.K.Puram-8 06/12/2024 Delivery of Books Division 595.00 BHA 658.4080954 EN-126406 1 595.00 English Books

© Delhi Public Library
Hit Counter
free hit counter